Posúdenie možností optimalizácie rámu formule SAE z hľadiska pevnosti a hmotnosti

Enregistré dans:
Détails bibliographiques
Auteur principal: Patai, Ladislav, 1989- (Auteur)
Autres auteurs: Chmelko, Vladimír, 1965- (Directeur de thèse)
Format: Manuscrit Livre
Langue:slovaque
Publié: Bratislava : STU v Bratislave SjF, 2011
Sujets:
Accès en ligne:VAIS
Tags: Ajouter un tag
Pas de tags, Soyez le premier à ajouter un tag!

MARC

LEADER 00000ntm a22000003a 4500
001 stu233058
005 20160616131107.6
008 110803s2011----xo------------------slo-d
040 |a STU  |b slo 
041 0 |a slo 
044 |a xo 
100 1 |a Patai, Ladislav,  |d 1989-  |4 aut  |u J  |T SjF Strojnícka fakulta  |X 58819  |U J  |Y 20  |7 A000058819 
242 0 0 |a Assessment of possibilities the optimization formula SAE frame in terms of strength and weight  |y eng 
245 1 |a Posúdenie možností optimalizácie rámu formule SAE z hľadiska pevnosti a hmotnosti 
260 |a Bratislava :  |b STU v Bratislave SjF,  |c 2011 
650 7 |a aplikovaná mechanika a mechatronika  |2 stusub 
650 7 |a Applied Mechanics and Mechatronics  |2 estusub 
650 7 |a frame  |2 estusub 
650 7 |a ANSYS  |2 stusub 
650 7 |a ANSYS  |2 estusub 
650 7 |a finite element method  |2 estusub 
650 7 |a ANSYS  |2 stusub 
650 7 |a ANSYS  |2 estusub 
650 7 |a metóda konečných prvkov  |2 stusub 
650 7 |a rám  |2 stusub 
700 1 |a Chmelko, Vladimír,  |d 1965-  |4 ths  |u J0010  |U SjF Strojnícka fakulta  |T SjF Ústav aplikovanej mechaniky a mechatroniky  |X 2396  |U J0010  |Y 801  |7 A000002396 
856 4 |a info a plný text  |u http://is.stuba.sk/zp/portal_zp.pl?podrobnosti=73738  |3 VAIS